00470 2200181 4500001002100000005001500021035002000036008004100056245006500097100002600162250000600188260003400194300001200228084001400240082000800254650001400262990001200276INLIS00000000000024720240503072755 a0010-0424000223240503 0 ind 1 aPenangsang : Lukisan Sembilan Cahaya /cNassirun Purwokartun aPurwokartun, Nassirun a1 aSolo :bTiga Serangkai,c2015 a764 hlm a800 NAS p a800 4aNon Fiksi a0732407